000 00309nam a2200097Ia 4500
008 240331s9999 xx 000 0 und d
082 _bMAR
100 _aThe Sri Lanka Federation of University Women. ed
245 0 _aMarketable skills training project for unemployed women arts graduates of Sri Lanka
942 _cL
999 _c2715
_d2715